El legado indígena : de cómo los indios americanos transformaron el mundo /

Đã lưu trong:
Chi tiết về thư mục
Tác giả chính: Weatherford, Jack (autor)
Định dạng: Sách
Ngôn ngữ:Tiếng Tây Ban Nha
Được phát hành: Barcelona, España : Andrés Bello, 2000, c2000
Những chủ đề:
Các nhãn: Thêm thẻ
Không có thẻ, Là người đầu tiên thẻ bản ghi này!

MARC

LEADER 00000nam^a2200000^a^4500
001 000165374
005 20250521000000.0
009 20260310101015.099
020 |a 84-95407-42-6 
037 |a Acervo ITESO - Biblioteca 
041 |a ESP 
082 |a 306. 089  |b WEA 
100 |a Weatherford, Jack  |e (autor) 
245 1 3 |a El legado indígena :  |b de cómo los indios americanos transformaron el mundo /  |c J. Weatherford ; epílogo de Tony Hillerman ; tr. por Roberto Palet. 
264 4 |a Barcelona, España :  |b Andrés Bello,  |c 2000, c2000 
300 |a 312 p. 
336 |a texto  |b txt  |2 rdacontenido 
337 |a sin mediación  |b n  |2 rdamedio 
338 |a volumen  |b nc  |2 rdasoporte 
500 |a Traducción de: Indian Givers 
649 |a XX 
650 |a Indígenas de América del Norte -  |x Condiciones Sociales y Culturales 
650 |a Indígenas de América del Sur -  |x Condiciones Sociales y Culturales 
650 |a Aculturación 
650 |a Prácticas Culturales -  |z América del Norte 
650 |a Prácticas Culturales -  |z América del Sur 
650 |a Cambios Sociales y Culturales 
650 |a Desarrollo Tecnológico 
650 |a Economía 
650 |a Identidad Cultural -  |z América del Norte 
650 |a Identidad Cultural -  |z América del Sur 
650 |a Prácticas Culturales -  |z América del Norte 
650 |a Prácticas Culturales -  |z América del Sur 
650 |a Antropología Cultural 
910 |a Fondo General 
920 |a Impresos - Libros 
930 |a Colección General 
905 |a 101 
901 |a 0500100142  |b IT1  |c ACC  |u 20250521 
902 |a https://opac.biblio.iteso.mx/vufind/Record/000165374